Managerial Standard Costing. (Record no. 2954)

MARC details
005 - DATE AND TIME OF LATEST TRANSACTION
control field 20250602081002.0
020 ## - INTERNATIONAL STANDARD BOOK NUMBER
International Standard Book Number 7121 1346 0
082 ## - DEWEY DECIMAL CLASSIFICATION NUMBER
Classification number LECT 657.42 BAT
100 ## - MAIN ENTRY--PERSONAL NAME
Author name BATTY, J.
245 ## - TITLE STATEMENT
Title Managerial Standard Costing.
260 ## - PUBLICATION, DISTRIBUTION, ETC.
Place of publication, distribution, etc. London,
Name of publisher, distributor, etc. Macdonald & Evans Ltd,
Date of publication, distribution, etc. 1970.
300 ## - PHYSICAL DESCRIPTION
Extent ix, 221p.: ill.; table
Other physical details Bibliography & Index
Dimensions 22cm.
942 ## - ADDED ENTRY ELEMENTS (KOHA)
Source of classification or shelving scheme Dewey Decimal Classification
Koha item type Books
Holdings
Date last seen Total checkouts Full call number Barcode Cost, replacement price Price effective from Koha item type Lost status Source of classification or shelving scheme Damaged status Not for loan Withdrawn status Home library Current library Shelving location Date acquired Cost, normal purchase price
06/02/2025   LECT 657.42 BAT 00000010577 30000.00 06/02/2025 Books   Dewey Decimal Classification       College of Business Education Main Library College of Business Education Main Library General Collection 02/14/1980 10000.00
06/02/2025   LECT 657.42 BAT 00000010578 30000.00 06/02/2025 Books   Dewey Decimal Classification       College of Business Education Main Library College of Business Education Main Library General Collection 02/14/1980 10000.00